Statistics for U.S. States with the Highest Cancer Death Rate

Click here to take the quiz!

General Stats

  • This quiz has been taken 81 times
  • The average score is 8 of 10

Answer Stats

Rate State % Correct
193.0Mississippi
92%
199.1Kentucky
90%
177.7Alabama
89%
177.8Ohio
85%
186.1Louisiana
83%
194.7West Virginia
82%
184.3Tennessee
82%
182.9Arkansas
79%
180.0Indiana
75%
179.7Oklahoma
70%

Score Distribution

Percentile by Number Answered

Percent of People with Each Score

Your Score History

You have not taken this quiz